000 00844cam a2200253 a 4500
999 _c9016
_d9016
001 9016
003 BD-JhCC
005 20190321100709.0
008 080303r19641951enka 001 0 eng
035 _a(BD-JhCC)9016
040 _aUkCU
_cUkCU
_dBD-JhCC
041 _aeng
082 _bWHE 1951
_a342.02
100 0 _aWheare, K. C.
_q(Kenneth Clinton),
_d1907-
245 1 0 _aModern constitutions /
_cK. C. Wheare.
260 _aLondon :
_bOxford University Press,
_c1951 [reprinted 1952, 1956, 1958, 1960 (with revisions), 1962 and 1964]
300 _avii, 216 p. ;
_c17 cm.
490 1 _aHome university library of modern knowledge ;
_v213
504 _aIncludes bibliographical references and index.
650 0 _aConstitutional law.
830 0 _aHome university library of modern knowledge ;
_v213.
942 _2ddc
_cBK